ORGANISTION OF HOUSE KEEPING MANAGEMENT (Record no. 21049)

MARC details
000 -LEADER
fixed length control field 00324nam a22001457a 4500
003 - CONTROL NUMBER IDENTIFIER
control field SGT
020 ## - INTERNATIONAL STANDARD BOOK NUMBER
International Standard Book Number 81-8204-006-X
082 ## - DEWEY DECIMAL CLASSIFICATION NUMBER
Classification number 648
Item number SIN
100 ## - MAIN ENTRY--PERSONAL NAME
Personal name SINGH, DR. R.K.
245 ## - TITLE STATEMENT
Title ORGANISTION OF HOUSE KEEPING MANAGEMENT
250 ## - EDITION STATEMENT
Edition statement 1ST
260 ## - PUBLICATION, DISTRIBUTION, ETC. (IMPRINT)
Place of publication, distribution, etc DELHI
Name of publisher, distributor, etc AMAN PUB.
Year of Publication 2005
300 ## - PAGE DESCRIPTION
No. of Pages 305
942 ## - ADDED ENTRY ELEMENTS (KOHA)
Source of classification or shelving scheme Dewey Decimal Classification
Koha item type Books
942 ## - ADDED ENTRY ELEMENTS (KOHA)
-- 2
Holdings
Withdrawn status Lost status Source of classification or shelving scheme Damaged status Not for loan Collection code Home library Current library Shelving location Date acquired Vendor Name Cost, normal purchase price SGTU Bill Number Total Checkouts Full call number Accession No. (Barcode) Date last seen Bill Date Koha item type Date last borrowed
    Dewey Decimal Classification     HOTEL MANAGEMENT SGT Science & Social Sciences Library SGT Science & Social Sciences Library Text Book 26/04/2021 JINDAL 650.00 SGTU 2230   648 SIN HM1111 26/04/2021 24/03/2021 Books  
    Dewey Decimal Classification     HOTEL MANAGEMENT SGT Science & Social Sciences Library SGT Science & Social Sciences Library Text Book 26/04/2021 JINDAL 650.00 SGTU 2230 3 648 SIN HM1112 05/04/2025 24/03/2021 Books 05/04/2025
    Dewey Decimal Classification     HOTEL MANAGEMENT SGT Science & Social Sciences Library SGT Science & Social Sciences Library Text Book 26/04/2021 JINDAL 650.00 SGTU 2230   648 SIN HM1113 26/04/2021 24/03/2021 Books  
    Dewey Decimal Classification     HOTEL MANAGEMENT SGT Science & Social Sciences Library SGT Science & Social Sciences Library Text Book 26/04/2021 JINDAL 650.00 SGTU 2230   648 SIN HM1114 26/04/2021 24/03/2021 Books